| 000 | 01013nam a2200217Ia 4500 | ||
|---|---|---|---|
| 999 |
_c56340 _d56340 |
||
| 001 | 23453 | ||
| 003 | GE_BSU | ||
| 005 | 20260116203257.0 | ||
| 008 | 181216s1967||||ge |||||||||||||| ||geo|| | ||
| 040 | _cGE_BSU | ||
| 041 | _ageo | ||
| 080 | _a94(479.22)"12/13 ს-36 | ||
| 100 |
_aსიხარულიძე, იური _926700 |
||
| 245 |
_aქართველი ხალხის ბრძოლა დამოუკიდებლობისათვის XIII-XIV საუკუნეებში / _cიური სიხარულიძე. |
||
| 264 |
_aთბილისი : _bსაბჭ. საქართველო, _c1967. |
||
| 300 |
_a186 გვ. ; _c20 სმ. |
||
| 541 | _h7 ლ. | ||
| 653 | _aსაქართველოს ისტორია, XIII-XIV ს.ს. | ||
| 653 | _aქართველი ხალხის ბრძოლა დამოუკიდებლობისათვის XIII-XIV საუკუნეებში | ||
| 942 |
_cBK _2udc |
||